Catálogo

Vista normal Vista MARC

Entrada Personal Name

Número de registros utilizados en: 1

001 - CONTROL NUMBER

  • control field: 17321

003 - CONTROL NUMBER IDENTIFIER

  • control field: DLC

005 - DATE AND TIME OF LATEST TRANSACTION

  • control field: 20250714115241.0

008 - FIXED-LENGTH DATA ELEMENTS

  • fixed length control field: 980713n| azannaabn |a aaa c

010 ## - LIBRARY OF CONGRESS CONTROL NUMBER

  • LC control number: no 98096407
  • Canceled/invalid LC control number: no 99026295
  • Canceled/invalid LC control number: no2007000499

035 ## - SYSTEM CONTROL NUMBER

  • System control number: (OCoLC)oca04770007

040 ## - CATALOGING SOURCE

  • Original cataloging agency: WU
  • Language of cataloging: spa
  • Description conventions: rda
  • Transcribing agency: Mx-PuUPA
  • Modifying agency: DLC
  • Modifying agency: OCoLC
  • Modifying agency: DLC
  • Modifying agency: Mx-PuUPA

100 1# - HEADING--PERSONAL NAME

  • Personal name: Zubieta García, Judith,

370 ## - ASSOCIATED PLACE

  • Other associated place: Filadelfia, Pensilvania.
  • Other associated place: Ciudad de México, México

372 ## - FIELD OF ACTIVITY

  • Field of activity: Ciencias sociales
  • Source of term: lcsh

373 ## - ASSOCIATED GROUP

  • Associated group: Universidad de Pennsylvania
  • Source of term: naf

373 ## - ASSOCIATED GROUP

  • Associated group: Universidad Nacional Autónoma de México. Instituto de Investigaciones Sociales
  • Source of term: naf

374 ## - OCCUPATION

  • Occupation: Autora

375 ## - GENDER

  • Gender: mujer

377 ## - ASSOCIATED LANGUAGE

  • Language code: eng
  • Language code: spa

400 1# - SEE FROM TRACING--PERSONAL NAME

  • Personal name: García, Judith Zubieta

400 1# - SEE FROM TRACING--PERSONAL NAME

  • Control subfield: nne
  • Personal name: Zubieta, Judith

670 ## - SOURCE DATA FOUND

  • Source citation: Cincuenta años de ciencia universitaria, c1998:
  • Information found: t.p. (Judith Zubieta García)

670 ## - SOURCE DATA FOUND

  • Source citation: A power plant location model including environmental impacts, 1989:
  • Information found: t.p. (Judith Zubieta García; Ph.D. in managerial science & applied economics)

670 ## - SOURCE DATA FOUND

  • Source citation: Universidad Nacional Autónoma de México website, July 25, 2000
  • Information found: (Judith Zubieta García, Doctorado en Ciencias de Sistemas Sociales, Universidad de Pensylvania, EE.UU)

670 ## - SOURCE DATA FOUND

  • Source citation: Distribución territorial de la población, 2006:
  • Information found: t.p. (Judith Zubieta)

670 ## - SOURCE DATA FOUND

  • Source citation: HUMANINDEX, via WWW, Apr. 5, 2013
  • Information found: (Zubieta García, Judith; Inst. de Investigaciones Sociales [UNAM]; associated with resources: Cincuenta años de ciencia universitaria, Distribución territorial de la población, etc.)